Unit 2 Ecclesiastical Latin Vocab - Statistics

General Stats
  • This quiz has been taken 77 times
    65 since last reset
  • The average score is 21 of 27
Answer Stats
Latin English % Correct
Chrīstus, Chrīstī, m. Annointed One, Messiah, Christ
100%
Deus, Deī, m. (nom. pl. diī) God
100%
angelus, angelī, m. messenger, angel
97%
populus, populī, m. people
97%
jūstitia, jūstitiae, f. righteousness, justice
97%
Marīa, Marīae, f. Mary
94%
psalmus, psalmī, m. psalm
94%
minister, ministrī, m. servant, minister
94%
apostolus, apostolī, m. apostle
91%
discipulus, discipulī, m. disciple, student
91%
archangelus, archangelī, m. archangel
88%
fīlius, fīliī, m. son
88%
Jūdaea, Jūdaeae, f. Judea
81%
agnus, agnī, m. lamb
81%
dominus, dominī, m. lord, master
81%
nōn (adv.) not
78%
Petrus, Petrī, m. Peter
78%
servus, servī, m. servant, slave
78%
puer, puerī, m. boy, child; servant
72%
potentia, potentiae, f. power
72%
hodiē (adv.) today
66%
sum, esse, fuī, futūrus be, exist
63%
ager, agrī, m. field, pl. country
59%
ancilla, ancillae, f. maid, (female) servant
59%
episcopus, episcopī, m. overseer, bishop
56%
trāns (prep. + acc.) across
53%
nam (coord. conj.) for
34%
No matching quizzes found
Score Distribution
Percent of People with Each Score
Percentile by Number Answered
Your Score History
You have not taken this quiz since the last reset